000 00606nam a2200205 a 4500
001 13710
003 CO-ViMGA
008 141112s2004 ck r 000 u spa d
020 _a9589037763
040 _aCO-ViMGA
_bspa
_cCO-ViMGA
082 0 4 _aDIAjo
100 1 _aDiaz P., Santiago
_920011
245 1 0 _aJose Jeronimo Triana :
_bEl caballero de las flores
260 _aSantafé de Bogotá :
_bColciencias,
_c1998
300 _a76
490 _aJuvenil de Colciencias
650 1 4 _aBOTANICA - LITERATURA JUVENIL
_913246
650 1 4 _aTRIANA, JOSE JERONIMO - LITERATURA JUVENIL
_913247
942 _2ddc
_cBK
999 _c24431
_d24431